Statistics for Sorry Not Sorry - Demi Lovato - All Lyrics

Click here to take the quiz!

General Stats

  • This quiz has been taken 13 times
  • The average score is 381 of 474

Answer Stats

Answer% Correct
a
100%
baby
100%
baby,
100%
Baby,
100%
I
100%
I'm
100%
(I'm
100%
it
100%
nah
100%
not
100%
so
100%
(So
100%
sorry,
100%
sorry
100%
sorry)
100%
the
100%
ya,
100%
you
100%
You
100%
(Ah)
90%
ah,
90%
can
90%
feel,
90%
feelin'
90%
Feelin'
90%
is
90%
know
90%
like
90%
me
90%
Now
90%
now
90%
Now,
90%
(Oh,
90%
ten,
90%
that
90%
this,
90%
this
90%
yeah)
90%
yeah
90%
yeah,
90%
bad
80%
be
80%
but
80%
But
80%
get
80%
gets
80%
have
80%
(Have
80%
here
80%
how
80%
hurt
80%
on
80%
out
80%
see
80%
to
80%
worse
80%
Yeah,
80%
yeah,
80%
and,
70%
And
70%
and
70%
And,
70%
baddest)
70%
baddest
70%
been
70%
Bein'
70%
best
70%
bitch
70%
burns
70%
can't
70%
ever
70%
good
70%
if
70%
If
70%
I've
70%
lookin'
70%
must
70%
(Payback
70%
payback
70%
tables
70%
turned)
70%
turned
70%
would
70%
bet
60%
Bet
60%
better
60%
Better
60%
fire
60%
grass
60%
greener
60%
of
60%
savage,
60%
take
60%
tell
60%
Tell
60%
with
60%
you're
60%
'Cause
50%
'cause
50%
easy
50%
fuckin'
50%
got
50%
inspired
50%
it's
50%
knew
50%
nice
50%
pill
50%
revenge
50%
second
50%
Showin'
50%
talk,
50%
talk
50%
Talk
50%
Technicolor,
50%
too
50%
walk
50%
walk,
50%
as
40%
bitter
40%
chance
40%
it'd
40%
never
40%
regret
40%
such
40%
under
40%
up
40%
way
40%
Ain't
30%
beg,
30%
Bright
30%
fineness
30%
kill
30%
proud
30%
things
30%
you'll
30%
bigger,
20%
had
20%
right
20%
thought
20%
stings
10%

Score Distribution

Percentile by Number Answered

Percent of People with Each Score

Your Score History

You have not taken this quiz